| 000 | 01053nam a22003137a 4500 | ||
|---|---|---|---|
| 003 | CHAP | ||
| 005 | 20220329133309.0 | ||
| 008 | 971013s1990 r 00010 d | ||
| 010 | _a4504 | ||
| 011 | _a5476 | ||
| 035 | _a4689 | ||
| 040 | _cCHAP | ||
| 090 | _aFolleto 12501 (1990) | ||
| 110 |
_aInstituto de Investigación de Cítricos y otros Frutales. La Habana. Estación Nacional de Frutas _959154 |
||
| 245 | _aPrincipales resultados obtenidos en las investigaciones durante el año 1990 | ||
| 260 |
_aLa Habana : _bLa Estación, _c1990 |
||
| 300 | _a48 h. | ||
| 500 | _a53-353 | ||
| 590 |
_aBATCH-UPD _b10 _c20130110 _lUCH01 _h0836 |
||
| 590 |
_aBATCH-UPD _b10 _c20130410 _lUCH01 _h0514 |
||
| 590 |
_aBATCH-UPD _b10 _c20130914 _lUCH01 _h1446 |
||
| 590 |
_aCONVERSION _b10 _c20130109 _lUCH01 _h1304 |
||
| 650 | 1 | 4 |
_aFruticultura _xInvestigación _xCuba. _943729 |
| 650 | 1 | 4 |
_aFruticultura _xTrópicos. _943755 |
| 650 | 1 | 4 |
_aViveros frutales. _9120102 |
| 901 | _aBK | ||
| 942 | _cFOLL | ||
| 949 |
_aFolleto 12501 (1990) _bBC _cFOLL _d-14236 _eTS1 _i4689 _si |
||
| 999 |
_c4504 _d4504 |
||